Общая теория систем: самоорганизация, устойчивость, разнообразие, кризисы

Dades bibliogràfiques
Autor principal: Артюхов В. В. Владимир Викторович
Sumari:В настоящей книге из предпосылок и законов Общей теории систем Ю. А. Урманцева — ОТС(У) строятся системные теории самоорганизации, устойчивости, разнообразия и кризисов. Предлагается новый общенаучный принцип — принцип самоорганизации материи, дополняющий существующую энтропийную парадигму, основанную на Втором начале термодинамики. На базе принципа самоорганизации и предпосылок ОТС(У) строится термодинамика открытых самоорганизующихся систем, одним из следствий которой являются начала формальной экологии. С применением аппарата ОТС(У) выводится системное определение понятия "устойчивость", выделяются основные классы и типы устойчивости, в общем виде анализируются все возможные механизмы ее обеспечения, предлагаются термодинамические критерии, характеризующие устойчивость материальных систем. Рассмотрена связь устойчивости систем с их разнообразием, выделены виды разнообразий, приведены стратегии поведения систем с разнообразием; предложены формулы, связывающие разнообразие с устойчивостью, рассмотрены практические вопросы их применения. В работе вводится системное понятие кризиса как естественного этапа развития, строится типология кризисов, исследуются основные свойства кризисных процессов. Предлагаются методы для количественной диагностики кризисов; исследуется поведение разных типов систем при различных видах изменений, что позволяет не только прогнозировать, но и планировать кризисы. Книга может быть полезна для широкого круга ученых, преподавателей, студентов, аналитиков, управленцев и всех интересующихся закономерностями развития больших систем.
Idioma:rus
Publicat: Москва, Либроком, 2012
Edició:3-е изд.
Matèries:
Format: Llibre
KOHA link:https://koha.lib.tpu.ru/cgi-bin/koha/opac-detail.pl?biblionumber=212029

MARC

LEADER 00000nam0a2200000 4500
001 212029
005 20231101225726.0
010 |a 9785397028219 
035 |a (RuTPU)RU\TPU\book\231652 
090 |a 212029 
100 |a 20120322d2012 k y0rusy50 ca 
101 0 |a rus 
102 |a RU 
105 |a y z 001zy 
200 1 |a Общая теория систем: самоорганизация, устойчивость, разнообразие, кризисы  |f В. В. Артюхов 
205 |a 3-е изд. 
210 |a Москва  |c Либроком  |d 2012 
215 |a 222 с. 
320 |a Библиогр.: с. 219-222. 
330 |a В настоящей книге из предпосылок и законов Общей теории систем Ю. А. Урманцева — ОТС(У) строятся системные теории самоорганизации, устойчивости, разнообразия и кризисов. Предлагается новый общенаучный принцип — принцип самоорганизации материи, дополняющий существующую энтропийную парадигму, основанную на Втором начале термодинамики. На базе принципа самоорганизации и предпосылок ОТС(У) строится термодинамика открытых самоорганизующихся систем, одним из следствий которой являются начала формальной экологии. С применением аппарата ОТС(У) выводится системное определение понятия "устойчивость", выделяются основные классы и типы устойчивости, в общем виде анализируются все возможные механизмы ее обеспечения, предлагаются термодинамические критерии, характеризующие устойчивость материальных систем. Рассмотрена связь устойчивости систем с их разнообразием, выделены виды разнообразий, приведены стратегии поведения систем с разнообразием; предложены формулы, связывающие разнообразие с устойчивостью, рассмотрены практические вопросы их применения. В работе вводится системное понятие кризиса как естественного этапа развития, строится типология кризисов, исследуются основные свойства кризисных процессов. Предлагаются методы для количественной диагностики кризисов; исследуется поведение разных типов систем при различных видах изменений, что позволяет не только прогнозировать, но и планировать кризисы. Книга может быть полезна для широкого круга ученых, преподавателей, студентов, аналитиков, управленцев и всех интересующихся закономерностями развития больших систем. 
606 1 |a Систем теория  |2 stltpush  |3 (RuTPU)RU\TPU\subj\71753  |9 85522 
610 1 |a самоорганизация 
610 1 |a термодинамика 
610 1 |a устойчивость 
610 1 |a разнообразие 
610 1 |a кризисы 
610 1 |a сродство 
610 1 |a энтропия 
610 1 |a симметрия 
610 1 |a поляризация 
610 1 |a прогнозирование 
610 1 |a планирование 
675 |a 519.876  |v 3 
700 1 |a Артюхов  |b В. В.  |g Владимир Викторович 
801 1 |a RU  |b 63413507  |c 20120322 
801 2 |a RU  |b 63413507  |c 20150506  |g RCR 
942 |c BK 
959 |a 44/20120321  |d 2  |e 254,00  |f ЧЗТЛ:1  |f АНЛ:1